00752nam a2200205Ia 4500003000900000008004100009020001800050040001600068080001800084100001700102245015700119260003400276300001900310650001800329650004700347650002200394942000700416999001700423952010600440IN-BaIIA211028s9999 xx 000 0 eng d a3-540-60172-4 cIIA Library a048.1:52b62B aBurkhardt, G 0aAstronomy & Astrophysics Abstracts vol.62B Literature 1994bpt. 2cG. Burkhardt, U. Esser and H. Hefele  aBerlinbSpringer-Verlagc1995 aviii, 597-1500 aAstronomy980 aAstronomy and Astrophysics Abstracts96052 aAstrophysics9794 cBK c11609d11609 00102ddc4070aBANbBANcGENd1995-12-29l0o048.1:52/ AAA-62Bp12524r2021-11-05w1995-12-29yBKG